000 00665nam a2200217Ia 4500
003 OSt
005 20220925210508.0
006 a|||||r|||| 00| 0
007 ta
008 220923b |||||||| |||| 00| 0 eng d
037 _cGeneral Book
040 _aRTL
_cRTL
_beng
041 _2eng
_aeng
082 _aY:5.2sN91, N8.1
100 _aCensus of India, 1991
245 0 _aMigration tables, Part V-D series, India, states and Union Territories, Tables D-7 and D-8, Vol.-6.
260 _aIndia
_bGovt. Press
_c1991
300 _aV, 671p
_ccm.
942 _hY:5.2sN91, N8.1
_cGB
_2CC
999 _c555233
_d555233